00258pab a2200109 454500008004000000245005000040260000900090300000800099362001100107650001900118773001100137180718b1991 xxu||||| |||| 00| 0 eng d aEnergy sixth person an Indian (census - 1991) c1991 a4-8 a31 May aCensus - India aYojana